[Event "Rilton Cup 34th"]
[Site "Stockholm"]
[Date "2004.12.29"]
[Round "3"]
[White "Hedman, Erik"]
[Black "Namini, Armin"]
[Result "1-0"]
[WhiteElo "2320"]
[BlackElo "2132"]
[PlyCount "47"]
[EventDate "2004.12.27"]
[EventType "swiss"]
[EventRounds "9"]
[EventCountry "SWE"]
[SourceTitle "CBM 104 Extra"]
[Source "ChessBase"]
[SourceDate "2005.03.01"]
[SourceVersion "1"]
[SourceVersionDate "2005.03.01"]
[SourceQuality "1"]

1. e4 c5 2. Nf3 d6 3. d4 cxd4 4. Nxd4 Nf6 5. Nc3 a6 6. Bg5 e6 7. f4 Nc6 8. e5 h6 9. Bh4 Nxd4 10. Qxd4 dxe5 11. Qxd8+ Kxd8 12. fxe5 g5 13. 0-0-0+ Nd7 14. Bg3 Bg7 15. Be2 Ke7 16. Bh5 Nxe5 17. Rhe1 f6 18. Bxe5 fxe5 19. Rf1 Rf8 20. Rxf8 Bxf8 21. Rf1 Bd7 22. Rf7+ Kd6 23. Ne4+ Kc6 24. Nf6 1-0

[Event "Hallstahammar op"]
[Site "Hallstahammar"]
[Date "2004.09.12"]
[Round "7"]
[White "Sjoholm, Mika"]
[Black "Namini, Armin"]
[Result "0-1"]
[WhiteElo "1718"]
[BlackElo "2192"]
[PlyCount "45"]
[EventDate "2004.09.10"]
[EventType "swiss"]
[EventRounds "8"]
[EventCountry "SWE"]
[SourceTitle "EXT 2005"]
[Source "ChessBase"]
[SourceDate "2004.11.15"]
[SourceVersion "1"]
[SourceVersionDate "2004.11.15"]
[SourceQuality "1"]

1. e4 c5 2. Nf3 d6 3. d4 cxd4 4. Qxd4 a6 5. c4 Nc6 6. Qd3 g6 7. Bd2 Bg7 8. Bc3 Nf6 9. Be2 0-0 10. Na3 b6 11. Nc2 Bb7 12. 0-0 Qc7 13. Nd2 Rfd8 14. f4 b5 15. cxb5 axb5 16. a3 e5 17. fxe5 dxe5 18. Qe3 Nd4 19. Nxd4 exd4 20. Bxd4 Ng4 21. Qf4 Bxd4+ 22. Kh1 Qxf4 23. Rxf4 0-1

[Event "Rilton Cup 33rd"]
[Site "Stockholm"]
[Date "2004.01.04"]
[Round "8"]
[White "Lehikoinen, Pertti Ilari"]
[Black "Namini, Armin"]
[Result "0-1"]
[WhiteElo "2235"]
[BlackElo "2086"]
[PlyCount "62"]
[EventDate "2003.12.27"]
[EventType "swiss"]
[EventRounds "9"]
[EventCountry "SWE"]
[SourceTitle "CBM 097 Extra"]
[Source "ChessBase"]
[SourceDate "2004.01.13"]
[SourceVersion "1"]
[SourceVersionDate "2004.01.13"]
[SourceQuality "1"]

1. e4 c5 2. Nf3 d6 3. d4 cxd4 4. Nxd4 Nf6 5. Nc3 a6 6. Bg5 e6 7. f4 Nc6 8. Be2 Qb6 9. Nb3 Qe3 10. Qd3 Qxd3 11. cxd3 Be7 12. Kd2 b5 13. Bf3 Bb7 14. e5 dxe5 15. fxe5 Nd7 16. Bxe7 Kxe7 17. d4 Rad8 18. Ke3 Nb6 19. Nc5 Ba8 20. Nxa6 Nxd4 21. Bxa8 Nc2+ 22. Kf4 Rxa8 23. Rac1 Rxa6 24. Rxc2 b4 25. Nb5 Nd5+ 26. Ke4 Rxa2 27. Rhc1 Rb8 28. Nc7 b3 29. Rf2 Rc8 30. Rcf1 f5+ 31. exf6+ Nxf6+ 0-1

[Event "Rilton Cup 32nd"]
[Site "Stockholm"]
[Date "2002.12.27"]
[Round "1"]
[White "Akesson, Ralf"]
[Black "Namini, Armin"]
[Result "1-0"]
[WhiteElo "2440"]
[BlackElo "2114"]
[PlyCount "84"]
[EventDate "2002.12.27"]
[EventType "swiss"]
[EventRounds "9"]
[EventCountry "SWE"]
[SourceTitle "CBM 091 Extra"]
[Source "ChessBase"]
[SourceDate "2003.01.09"]
[SourceVersion "1"]
[SourceVersionDate "2003.01.09"]
[SourceQuality "1"]

1. Nf3 Nf6 2. c4 e6 3. g3 b6 4. Bg2 Bb7 5. 0-0 Be7 6. Nc3 0-0 7. Re1 c5 8. e4 d6 9. d4 cxd4 10. Nxd4 Qc8 11. Be3 Rd8 12. Rc1 a6 13. f4 Nbd7 14. g4 Bf8 15. g5 Ne8 16. b3 e5 17. Nde2 exf4 18. Nxf4 Bc6 19. Ncd5 Bxd5 20. exd5 Qb8 21. Bd4 Ra7 22. b4 g6 23. Rc3 Rc7 24. Bh3 Bg7 25. Re4 Bxd4+ 26. Qxd4 Ne5 27. Rxe5 dxe5 28. Qxe5 Nd6 29. Bf1 Re8 30. Qxd6 Qc8 31. Bh3 Qb7 32. Qf6 Rce7 33. Kf2 a5 34. d6 Re1 35. Nd5 R1e2+ 36. Kg3 Qb8 37. Rf3 axb4 38. Qxf7+ Kh8 39. Qf6+ Kg8 40. Kh4 R2e4+ 41. Bg4 Qc8 42. Qf7+ Kh8 1-0